Michigan County Seats - Statistics

General Stats
  • This quiz has been taken 25 times
  • The average score is 62 of 83
Answer Stats
County County Seat % Correct
Wayne Detroit
100%
Alpena Alpena
94%
Washtenaw Ann Arbor
94%
Genesee Flint
94%
Kent Grand Rapids
94%
Kalamazoo Kalamazoo
94%
Marquette Marquette
94%
Midland Midland
94%
Saginaw Saginaw
94%
Grand Traverse Traverse City
94%
Bay Bay City
88%
Cheboygan Cheboygan
88%
Hillsdale Hillsdale
88%
Houghton Houghton
88%
Jackson Jackson
88%
Lapeer Lapeer
88%
Menominee Menominee
88%
Monroe Monroe
88%
Muskegon Muskegon
88%
Oakland Pontiac
88%
St. Clair Port Huron
88%
Allegan Allegan
82%
Mecosta Big Rapids
82%
Charlevoix Charlevoix
82%
Dickinson Iron Mountain
82%
Kalkaska Kalkaska
82%
Emmet Petoskey
82%
Chippewa Sault Ste. Marie
82%
Mackinac St. Ignace
82%
Berrien St. Joseph
82%
Lenawee Adrian
76%
Montmorency Atlanta
76%
Delta Escanaba
76%
Otsego Gaylord
76%
Crawford Grayling
76%
Ionia Ionia
76%
Manistee Manistee
76%
Isabella Mt. Pleasant
76%
Ontonagon Ontonagon
76%
Presque Isle Rogers City
76%
Huron Bad Axe
71%
Wexford Cadillac
71%
Branch Coldwater
71%
Gladwin Gladwin
71%
Missaukee Lake City
71%
Mason Ludington
71%
Schoolcraft Manistique
71%
Calhoun Marshall
71%
Alger Munising
71%
Roscommon Roscommon
71%
Arenac Standish
71%
Iosco Tawas City
71%
Lake Baldwin
65%
Iron Crystal Falls
65%
Ottawa Grand Haven
65%
Barry Hastings
65%
Livingston Howell
65%
Gratiot Ithaca
65%
Macomb Mt. Clemens
65%
Osceola Reed City
65%
Sanilac Sandusky
65%
Ogemaw West Branch
65%
Antrim Bellaire
59%
Gogebic Bessemer
59%
Benzie Beulah
59%
Tuscola Caro
59%
Cass Cassopolis
59%
St. Joseph Centreville
59%
Eaton Charlotte
59%
Shiawassee Corunna
59%
Keweenaw Eagle River
59%
Clare Harrison
59%
Alcona Harrisville
59%
Oceana Hart
59%
Baraga L'Anse
59%
Ingham Mason
59%
Oscoda Mio
59%
Luce Newberry
59%
Van Buren Paw Paw
59%
Montcalm Stanton
59%
Clinton St. Johns
59%
Leelanau Suttons Bay Township
59%
Newaygo White Cloud
59%
No matching quizzes found
Score Distribution
Percent of People with Each Score
Percentile by Number Answered
Your Score History
You have not taken this quiz